Forza horizon PL - Statystyki

Ogólne statystyki
  • Ten quiz został rozwiązany 222 razy
  • Średni wynik to 6 z 8
Statystyki odpowiedzi
Zagadnienie Odpowiedź % Poprawnych
Czy w każdej FH jest autostrada? Tak
93%
Jaka jest najlepsza klasa w FH4? X
86%
Jakie jest główne miasto w FH4? Edynburg
76%
W jakim stanie była Forza Horizon? Kolorado
76%
Gdzie była FH2? Francja
72%
W ilu forzach jeździ się po lewej stronie? 2
62%
W którym roku została wydana FH3 2016
59%
W ilu miejscach można było uczestniczyć w nielegalnych wyścigach w FH1? 3
55%
Nie znaleziono quizów pasujących do podanych kryteriów
Rozkład punktacji
Procent ludzi z każdym wynikiem
Percentyl według liczby udzielonych odpowiedzi
Twoja historia wyników
Nie rozwiązałeś tego quizu